000 00768nam a2200241 a 4500
008 001108s2000 m yxo aap r yy 0 slo c
020 _a8080630348
_cDar
040 _aSNK
_bslo
_cSNK
_eAACR2
041 1 _aslo
044 _axo
_cSK
080 _a616.9
100 1 _aBálint, Ondrej
_4aut
245 1 0 _aInfektológia a antiinfekčná terapia
_cOndrej Bálint a kolektív
260 _aMartin
_bOsveta
_c2000
300 _a483 s., [8] s. fareb. obr. príl.
_bfotogr., sch., tab.
_c24 cm
500 _aFotogr. Ondrej Bálint ... [et al.]
504 _aBibliogr. odkazy. Reg.
650 0 7 _ainfektológia
_xterapia antiinfekčná
_2SNK
700 1 _aHolečková, Katarína
_4pht
700 1 _aMichal, Ladislav
_4pht
700 1 _aRolný, Vladimír
_4pht
958 _aAPP
999 _c19942
_d19942